000 00363nam a22001217a 4500
040 _cHS
082 _a577
100 _aវន មុនិន្ទ
245 _aរុក្ខវប្បកម្មនៅតំបន់ត្រូពិច Silviculture in the tropics
260 _aRUA
_bវន​ មុនិន្ទ
_c1989
300 _a140p;
942 _cKB
999 _c9043
_d9043